000 01504nam a2200397 a 4500
001 ebr10676343
003 CaPaEBR
006 m u
007 cr cn|||||||||
008 100204s2010 nyu sb 001 0 eng d
010 _z 2010001748
020 _z9781616680305 (pbk.)
020 _z161668030X
020 _z9781616684013 (e-book)
040 _aCaPaEBR
_cCaPaEBR
035 _a(OCoLC)705945725
043 _aa-ja---
050 1 4 _aUA845
_b.L815 2010eb
082 0 4 _a355/.033052
_222
100 1 _aLlewelyn, James D.
245 1 0 _aJapan's evolving notion of national security
_h[electronic resource] /
_cJames D. Llewelyn.
260 _aNew York :
_bNova Science Publishers, Inc.,
_cc2010.
300 _axxii, 61 p.
490 1 _aAsian political, economic and security issues
490 1 _aNovinka
504 _aIncludes bibliographical references and index.
533 _aElectronic reproduction.
_bPalo Alto, Calif. :
_cebrary,
_d2013.
_nAvailable via World Wide Web.
_nAccess may be limited to ebrary affiliated libraries.
650 0 _aNational security
_zJapan
_xHistory.
651 0 _aJapan
_xEconomic policy
_y1945-
651 0 _aJapan
_xPolitics and government
_y1945-
655 7 _aElectronic books.
_2local
710 2 _aebrary, Inc.
830 0 _aAsian political, economic and security issues.
830 0 _aNovinka (Series)
856 4 0 _uhttp://site.ebrary.com/lib/rucke/Doc?id=10676343
_zAn electronic book accessible through the World Wide Web; click to view
999 _c58687
_d58687